[Event "Hessen Senioren-ch 2012  8th"]
[Site "Bad Sooden-Adf. (14.4.-22.4)"]
[Date "2012.04.14"]
[Round "1.74"]
[White "Mittelstaedt, Ewald"]
[Black "Grasmeyer, Klaus-Peter"]
[Result "0-1"]
[WhiteElo "1405"]
[BlackElo "1693"]
[PlyCount "71"]
[EventDate "2012.04.??"]
[EventType "swiss"]
[EventRounds "9"]
[EventCountry "GER"]
[WhiteTeam "München Tarrasch SC"]
[BlackTeam "Villingen SK"]

1. d4 Nf6 2. Nf3 e6 3. Bg5 Be7 4. Nbd2 d5 5. e3 O-O 6. Bd3 Nbd7 7. O-O b6 8. c4
Bb7 9. a3 c5 10. cxd5 Nxd5 11. Bxe7 Qxe7 12. Rc1 cxd4 13. exd4 Rac8 14. Qa4 a6
15. Rfe1 b5 16. Qb3 N7b6 17. Qa2 Rc7 18. Nb3 Nf4 19. Rxc7 Qxc7 20. Rc1 Qe7 21.
Ne1 Bxg2 22. Bxh7+ Kh8 23. Rc5 Bd5 24. Rc3 Ne2+ 25. Kf1 Nxc3 26. bxc3 Bc4+ 27.
Bd3 Qc7 28. Kg1 Bxd3 29. Nxd3 Qxc3 30. Ne5 Nc4 31. Nd7 Rd8 32. Ndc5 Qf3 33. Qa1
Rd5 34. Qc1 Rf5 35. Qc2 Rg5+ 36. Kf1 0-1

[Event "Hessen Senioren-ch 2012  8th"]
[Site "Bad Sooden-Adf. (14.4.-22.4)"]
[Date "2012.04.14"]
[Round "1.75"]
[White "Jung, Michael Prof(40)"]
[Black "Wilfert, Eva-Maria"]
[Result "1-0"]
[WhiteElo "1621"]
[BlackElo "1469"]
[PlyCount "39"]
[EventDate "2012.04.??"]
[EventType "swiss"]
[EventRounds "9"]
[EventCountry "GER"]
[WhiteTeam "Osnabrück SV"]
[BlackTeam "Hof PTSV SK"]

1. c4 Nf6 2. Nc3 d5 3. cxd5 Nxd5 4. Nf3 Nc6 5. g3 Bg4 6. Bg2 Nxc3 7. bxc3 Qd7
8. Rb1 Rb8 9. h3 Bf5 10. d3 h6 11. Be3 b6 12. Qa4 Na5 13. Qxa5 Qc8 14. Qb5+ Bd7
15. Qb3 c5 16. O-O Bxh3 17. Ne5 Be6 18. Qb5+ Bd7 19. Nxd7 Qxd7 20. Bc6 1-0

[Event "Hessen Senioren-ch 2012  8th"]
[Site "Bad Sooden-Adf. (14.4.-22.4)"]
[Date "2012.04.14"]
[Round "1.76"]
[White "Geist, Wolfgang"]
[Black "Gelzinnus, Siegfried"]
[Result "1/2-1/2"]
[WhiteElo "1348"]
[BlackElo "1615"]
[PlyCount "103"]
[EventDate "2012.04.??"]
[EventType "swiss"]
[EventRounds "9"]
[EventCountry "GER"]
[WhiteTeam "Artern 90 SSV"]
[BlackTeam "Wetzlar Anderssen Sfr."]

1. d4 f5 2. Nf3 Nf6 3. e3 g6 4. Nbd2 Bg7 5. c3 O-O 6. Bd3 d6 7. Bc2 c6 8. O-O
Qe8 9. Bb3+ Kh8 10. Re1 e5 11. dxe5 dxe5 12. h3 e4 13. Nd4 c5 14. Ne2 b5 15. a4
b4 16. c4 a5 17. Qc2 Bb7 18. Rf1 Nbd7 19. f4 Rf7 20. Rd1 Rd8 21. Nf1 Nb6 22.
Rxd8 Qxd8 23. Bd2 Bc6 24. Rd1 Qe8 25. Ra1 Nh5 26. Bc1 Rd7 27. Nd2 Rd3 28. Kf2
Qd8 29. g3 g5 30. Nf1 gxf4 31. Nxf4 Nxf4 32. exf4 Rf3+ 33. Ke2 Bd4 34. Be3 Bxe3
35. Nxe3 Rxg3 36. Rd1 Qh4 37. Qd2 Qh5+ 38. Ke1 Rg1+ 39. Nf1 Qh4+ 40. Qf2 Qxf2+
41. Kxf2 Rg6 42. Ne3 Rf6 43. Rd8+ Kg7 44. Rb8 Bd7 45. Rb7 Kg6 46. Nd5 Nxd5 47.
cxd5 c4 48. Bxc4 Bxa4 49. Ra7 Bc2 50. Rxa5 b3 51. Ra6 Rxa6 52. Bxa6 1/2-1/2

[Event "Hessen Senioren-ch 2012  8th"]
[Site "Bad Sooden-Adf. (14.4.-22.4)"]
[Date "2012.04.14"]
[Round "1.77"]
[White "Heimberg, Guenter"]
[Black "Hopp, Barbara Dr"]
[Result "1-0"]
[WhiteElo "1658"]
[BlackElo "1413"]
[PlyCount "52"]
[EventDate "2012.04.??"]
[EventType "swiss"]
[EventRounds "9"]
[EventCountry "GER"]
[WhiteTeam "Wennigsen SK"]
[BlackTeam "Oberursel SV"]

1. c4 g6 2. Nc3 Bg7 3. d4 c6 4. e4 e6 5. Nf3 Ne7 6. Bf4 O-O 7. Be2 d5 8. cxd5
exd5 9. e5 Nf5 10. Qd2 Be6 11. h4 h5 12. Ng5 Qb6 13. Rd1 Nd7 14. g4 hxg4 15.
Bxg4 Bh6 16. Nxe6 fxe6 17. Bxh6 Ng7 18. Bxg7 Kxg7 19. h5 Rh8 20. Qg5 Nf8 21.
Qf6+ Kg8 22. Bxe6+ Nxe6 23. Qxe6+ Kf8 24. Qf6+ Kg8 25. Qxg6+ Kf8 26. Qf6+ Kg8
1-0

[Event "Hessen Senioren-ch 2012  8th"]
[Site "Bad Sooden-Adf. (14.4.-22.4)"]
[Date "2012.04.14"]
[Round "1.78"]
[White "Koehler, Marianne"]
[Black "Kluever, Horst"]
[Result "0-1"]
[WhiteElo "1384"]
[BlackElo "1672"]
[PlyCount "86"]
[EventDate "2012.04.??"]
[EventType "swiss"]
[EventRounds "9"]
[EventCountry "GER"]
[WhiteTeam "Sennewitz 2011 SG"]
[BlackTeam "Itzehoer SV"]

1. e4 e5 2. Nf3 d6 3. h3 Nf6 4. d3 h6 5. Be2 c5 6. Bd2 Nc6 7. Qc1 Be7 8. Nc3
Be6 9. Nd1 Rc8 10. a3 Qc7 11. c4 a6 12. Ne3 Nd4 13. Nxd4 exd4 14. Nd5 Nxd5 15.
exd5 Bd7 16. Qd1 O-O 17. O-O f5 18. f4 Qd8 19. Be1 b5 20. b3 Bf6 21. Bf3 Bh4
22. Bxh4 Qxh4 23. Qd2 Qd8 24. g3 Rb8 25. Rfe1 a5 26. Rab1 b4 27. a4 Rf6 28. Re2
Qf8 29. Rbe1 Re8 30. Rxe8 Bxe8 31. Qe2 Bd7 32. Qe7 Rf7 33. Qxf8+ Kxf8 34. Kf2
Re7 35. Rxe7 Kxe7 36. g4 g5 37. Kg3 Kf6 38. h4 fxg4 39. hxg5+ hxg5 40. Bxg4
gxf4+ 41. Kxf4 Be8 42. Bf5 Bxa4 43. bxa4 b3 0-1

[Event "Hessen Senioren-ch 2012  8th"]
[Site "Bad Sooden-Adf. (14.4.-22.4)"]
[Date "2012.04.14"]
[Round "1.79"]
[White "Viererbe, Hartmut"]
[Black "Wolff, Heinz(37)"]
[Result "1-0"]
[WhiteElo "1607"]
[BlackElo "1416"]
[PlyCount "61"]
[EventDate "2012.04.??"]
[EventType "swiss"]
[EventRounds "9"]
[EventCountry "GER"]
[WhiteTeam "Nordhausen 51 SC"]
[BlackTeam "Bad Langensalza SV"]

1. Nf3 d5 2. c4 c6 3. e3 Nf6 4. Nc3 e6 5. b3 Nbd7 6. d4 Be7 7. Bb2 Qc7 8. Qc2
b6 9. O-O-O Bb7 10. Bd3 a6 11. Ne2 c5 12. cxd5 exd5 13. Ng3 g6 14. Kb1 O-O 15.
Rc1 Rfc8 16. Qe2 Qd8 17. dxc5 Nxc5 18. Bc2 b5 19. Nd4 Qb6 20. h4 h5 21. f4 Nfe4
22. Nxe4 Nxe4 23. Bxe4 dxe4 24. g4 Rxc1+ 25. Bxc1 hxg4 26. Qxg4 Bc5 27. Bb2
Bxd4 28. Bxd4 Qe6 29. Qg5 Bc8 30. Qh6 f6 31. Qxg6+ 1-0

[Event "Hessen Senioren-ch 2012  8th"]
[Site "Bad Sooden-Adf. (14.4.-22.4)"]
[Date "2012.04.14"]
[Round "1.80"]
[White "Fritsche, Rainer"]
[Black "Tomas, Johann"]
[Result "1/2-1/2"]
[WhiteElo "1344"]
[BlackElo "1567"]
[PlyCount "90"]
[EventDate "2012.04.??"]
[EventType "swiss"]
[EventRounds "9"]
[EventCountry "GER"]
[WhiteTeam "Kasseler 1876 SK"]
[BlackTeam "Bad Sooden-Allendorf SK"]

1. d4 e6 2. c4 c6 3. Nf3 Be7 4. Nc3 d6 5. e3 Nd7 6. Bd3 Ngf6 7. O-O Nf8 8. Qc2
Ng6 9. a3 Qc7 10. b4 a6 11. Bb2 Bd7 12. e4 Rc8 13. Rfc1 e5 14. d5 Bg4 15. Ne1
Nf4 16. Bf1 N6h5 17. f3 Bd7 18. Nd3 Bg5 19. Nxf4 Bxf4 20. Rd1 O-O 21. Bc1 f5
22. Bxf4 Nxf4 23. Qd2 c5 24. Kh1 Qd8 25. Qf2 b6 26. Rac1 fxe4 27. Nxe4 Bf5 28.
Ng3 Bd3 29. Qd2 Bg6 30. Rc3 Qf6 31. Re1 Rce8 32. Ne4 Bxe4 33. Rxe4 h5 34. g3
Ng6 35. Qe3 h4 36. g4 Nf4 37. h3 g5 38. Kh2 Kg7 39. Rb3 Rb8 40. Be2 Rfc8 41.
Bd1 Kh6 42. b5 axb5 43. Rxb5 Qd8 44. Qb3 Qe7 45. Re1 Rb7 1/2-1/2

[Event "Hessen Senioren-ch 2012  8th"]
[Site "Bad Sooden-Adf. (14.4.-22.4)"]
[Date "2012.04.14"]
[Round "1.81"]
[White "Berger, Volkmar"]
[Black "Stratmann, Alois"]
[Result "1-0"]
[WhiteElo "1648"]
[BlackElo "1382"]
[PlyCount "67"]
[EventDate "2012.04.??"]
[EventType "swiss"]
[EventRounds "9"]
[EventCountry "GER"]
[WhiteTeam "Cottbus Senioren SC"]
[BlackTeam "Ahlen 1954 SV"]

1. d4 Nf6 2. Nf3 e6 3. e3 c5 4. Bd3 Nc6 5. O-O Be7 6. Nc3 d5 7. b3 Bd7 8. Bb2
h6 9. a3 Qc7 10. Re1 a6 11. Ne2 Qd8 12. Ng3 Bd6 13. Ne5 O-O 14. Qf3 b5 15. c4
b4 16. Nh5 Nxh5 17. Qxh5 Bxe5 18. dxe5 Ne7 19. axb4 cxb4 20. cxd5 Nxd5 21. Rxa6
Rxa6 22. Bxa6 Qb6 23. Bc4 Bc6 24. Bd4 Qa5 25. Ra1 Qc7 26. Ra7 Qb8 27. Bc5 Qe8
28. Qd1 f5 29. Bxf8 Kxf8 30. Qd4 Kg8 31. Qc5 Qb8 32. f4 Kh8 33. Ra6 Bb7 34.
Rxe6 1-0

[Event "Hessen Senioren-ch 2012  8th"]
[Site "Bad Sooden-Adf. (14.4.-22.4)"]
[Date "2012.04.14"]
[Round "1.82"]
[White "Borkenhagen, Bernd"]
[Black "Schiller, Hans(42)"]
[Result "1/2-1/2"]
[WhiteElo "1358"]
[BlackElo "1611"]
[PlyCount "54"]
[EventDate "2012.04.??"]
[EventType "swiss"]
[EventRounds "9"]
[EventCountry "GER"]
[WhiteTeam "Hamelner SV"]
[BlackTeam "Bad Lausick Sfr."]

1. d4 d5 2. e3 Nf6 3. Nd2 e6 4. Ngf3 Nbd7 5. Bd3 Be7 6. O-O O-O 7. Re1 c5 8. c3
b6 9. e4 dxe4 10. Nxe4 Bb7 11. Bg5 Nd5 12. Bxe7 Qxe7 13. dxc5 Nxc5 14. Nxc5
Qxc5 15. Be4 Qe7 16. Qb3 Nf4 17. Bxb7 Qxb7 18. Rad1 Rac8 19. Qa4 Nd5 20. Rd4 b5
21. Qb3 Qb6 22. Red1 a5 23. a3 a4 24. Qc2 Qb8 25. Qe4 Nf6 26. Qe5 Qxe5 27. Nxe5
Nd5 1/2-1/2

[Event "Hessen Senioren-ch 2012  8th"]
[Site "Bad Sooden-Adf. (14.4.-22.4)"]
[Date "2012.04.14"]
[Round "1.83"]
[White "Janzen, Christian(36)"]
[Black "Knobling, Rolf"]
[Result "1-0"]
[WhiteElo "1619"]
[BlackElo "1346"]
[PlyCount "105"]
[EventDate "2012.04.??"]
[EventType "swiss"]
[EventRounds "9"]
[EventCountry "GER"]
[WhiteTeam "Berlin Marienfelde TSV"]
[BlackTeam "Erfurt USV"]

1. e4 c5 2. Nc3 e5 3. Nf3 Nc6 4. d3 Nf6 5. Be2 h6 6. Be3 d6 7. h3 Be6 8. Qd2
Qd7 9. g4 d5 10. exd5 Nxd5 11. Nxd5 Bxd5 12. Rg1 g5 13. Kf1 O-O-O 14. Qc3 Bxf3
15. Bxf3 Nd4 16. Bxd4 exd4 17. Qd2 Bd6 18. Be4 Qb5 19. c4 Qb6 20. a4 Bf4 21.
Qc2 Qa5 22. Ra3 Rd6 23. Rb3 b6 24. Rb5 Qa6 25. a5 Kc7 26. Qa4 Kd8 27. Ke2 Re8
28. Ra1 Rxe4+ 29. dxe4 d3+ 30. Kd1 Re6 31. f3 Bc7 32. Ra3 Rd6 33. Rbb3 Qxa5 34.
Qxa5 bxa5 35. Rxd3 Rxd3+ 36. Rxd3+ Ke7 37. Rd5 Bb6 38. Kc2 f6 39. b3 Ke6 40.
Kd3 a6 41. Ke3 Ba7 42. f4 gxf4+ 43. Kxf4 Bb8+ 44. Ke3 Ba7 45. Rh5 Kf7 46. Rxh6
Kg7 47. Rh5 Kg6 48. Rf5 Bb6 49. e5 fxe5 50. Rxe5 Kf6 51. Ke4 Kf7 52. Kd5 Bc7
53. Re6 1-0

[Event "Hessen Senioren-ch 2012  8th"]
[Site "Bad Sooden-Adf. (14.4.-22.4)"]
[Date "2012.04.14"]
[Round "1.84"]
[White "Girod, Gudrun"]
[Black "Hilbig, Klaus"]
[Result "0-1"]
[WhiteElo "1301"]
[BlackElo "1535"]
[PlyCount "24"]
[EventDate "2012.04.??"]
[EventType "swiss"]
[EventRounds "9"]
[EventCountry "GER"]
[WhiteTeam "Hannover 96 Schach"]
[BlackTeam "Ahrensburger TSV"]

1. d4 Nf6 2. Bf4 g6 3. h3 Bg7 4. e3 O-O 5. Nf3 d6 6. Be2 Nbd7 7. Nbd2 c5 8. c3
cxd4 9. exd4 b6 10. O-O Bb7 11. Be3 h6 12. Nb3 g5 0-1

[Event "Hessen Senioren-ch 2012  8th"]
[Site "Bad Sooden-Adf. (14.4.-22.4)"]
[Date "2012.04.14"]
[Round "1.85"]
[White "Lichtenberg, Friedrich"]
[Black "Kage, August"]
[Result "1-0"]
[WhiteElo "1605"]
[BlackElo "1346"]
[PlyCount "93"]
[EventDate "2012.04.??"]
[EventType "swiss"]
[EventRounds "9"]
[EventCountry "GER"]
[WhiteTeam "Hennef 1927 SV"]
[BlackTeam "Göttingen Rot-Weiß ESV"]

1. e4 c5 2. Nc3 e6 3. f4 Qc7 4. d3 a6 5. a4 b6 6. Nf3 d6 7. Be3 Nf6 8. Be2 Bb7
9. O-O Nbd7 10. Nd2 Be7 11. Bf2 O-O 12. Bf3 Rac8 13. Bg3 Qb8 14. Nc4 Qa8 15.
Bh4 e5 16. fxe5 dxe5 17. Bg4 Rfe8 18. Bxf6 Nxf6 19. Nxb6 Qa7 20. Nxc8 Bxc8 21.
Bxc8 Rxc8 22. Qf3 c4+ 23. Kh1 Bf8 24. Qg3 Qe7 25. Rf5 Rc5 26. Raf1 Kh8 27. Nd5
cxd3 28. cxd3 Qd8 29. h3 Nxd5 30. exd5 f6 31. Qxe5 Be7 32. Qe4 Qc7 33. Re1 g6
34. Rff1 Bd8 35. Qe6 Kg7 36. d6 Qb6 37. b4 Qxb4 38. Rb1 Qxa4 39. Rb7+ Kh6 40.
Qe3+ Rg5 41. Rf4 Qa1+ 42. Kh2 Qe5 43. Qxe5 Rxe5 44. Re4 g5 45. Rxe5 fxe5 46.
Rb8 Bf6 47. d7 1-0

[Event "Hessen Senioren-ch 2012  8th"]
[Site "Bad Sooden-Adf. (14.4.-22.4)"]
[Date "2012.04.14"]
[Round "1.86"]
[White "Groener, Marga"]
[Black "Van Vorselen, Theo"]
[Result "0-1"]
[WhiteElo "1333"]
[BlackElo "1551"]
[PlyCount "59"]
[EventDate "2012.04.??"]
[EventType "swiss"]
[EventRounds "9"]
[EventCountry "GER"]
[WhiteTeam "Freibauer Wedemark"]
[BlackTeam "NED/Den Haag DD"]
[BlackTeamCountry "NED"]

1. d4 d5 2. Bf4 Nf6 3. h3 e6 4. e3 c5 5. c3 cxd4 6. exd4 Be7 7. Bd3 Nc6 8. Nf3
O-O 9. O-O Ne4 10. Nbd2 f5 11. Ne5 Nxe5 12. Bxe5 Bd7 13. Re1 Qb6 14. Rb1 Rac8
15. f3 Nf6 16. Nf1 Bd6 17. f4 Ne4 18. Re3 Bxe5 19. fxe5 Bb5 20. Bxb5 Qxb5 21.
Qd3 Qa4 22. Ra1 a6 23. Qd1 Qb5 24. Rb1 Qa5 25. Ra1 b5 26. a3 Qb6 27. Qb3 Rc4
28. a4 b4 29. a5 Qb5 30. Ra4 0-1

[Event "Hessen Senioren-ch 2012  8th"]
[Site "Bad Sooden-Adf. (14.4.-22.4)"]
[Date "2012.04.14"]
[Round "1.87"]
[White "Meyer, Walter(34)"]
[Black "Luebbers, Doris Dr"]
[Result "1-0"]
[WhiteElo "1591"]
[BlackElo "1345"]
[PlyCount "74"]
[EventDate "2012.04.??"]
[EventType "swiss"]
[EventRounds "9"]
[EventCountry "GER"]
[WhiteTeam "Hennef 1927 SV"]
[BlackTeam "Königstein/Schwalbach Sfr."]

1. c4 c5 2. g3 Nf6 3. Bg2 e6 4. Nc3 d6 5. e4 Nbd7 6. d3 Be7 7. Nge2 a6 8. O-O
Rb8 9. a4 b6 10. h3 O-O 11. Kh2 Bb7 12. Rb1 Ne5 13. f4 Nc6 14. Be3 Qc7 15. b3
Rfe8 16. f5 Bc8 17. fxe6 Bxe6 18. Nf4 Ne5 19. Nxe6 fxe6 20. Bf4 Ng6 21. Qf3
Nxf4 22. Qxf4 Rf8 23. Qe3 Nd7 24. Rxf8+ Rxf8 25. Ne2 e5 26. Nc3 Qd8 27. Nd5 Bg5
28. Qe2 Be7 29. Qg4 Rf7 30. Qe6 Nf6 31. Rf1 Kf8 32. Qf5 Kg8 33. g4 Rf8 34. Qe6+
Rf7 35. g5 Nxd5 36. Qxf7+ Kh8 37. Qxd5 Bxg5 1-0

[Event "Hessen Senioren-ch 2012  8th"]
[Site "Bad Sooden-Adf. (14.4.-22.4)"]
[Date "2012.04.14"]
[Round "1.88"]
[White "Helm, Irmgard"]
[Black "Kirchberg, Hans-Georg"]
[Result "0-1"]
[WhiteElo "1369"]
[BlackElo "1598"]
[PlyCount "86"]
[EventDate "2012.04.??"]
[EventType "swiss"]
[EventRounds "9"]
[EventCountry "GER"]
[WhiteTeam "Berlin Oberschöneweide TSG"]
[BlackTeam "Dingelstädt SK"]

1. d4 e6 2. e4 c5 3. Nf3 cxd4 4. Nxd4 Bc5 5. c3 Ne7 6. Be3 Qb6 7. Qc2 Nbc6 8.
Nd2 Nxd4 9. cxd4 Bxd4 10. Nc4 Qb4+ 11. Bd2 Qc5 12. Bf4 e5 13. Bg5 f6 14. Be3
O-O 15. Qb3 Kh8 16. Bd3 b6 17. O-O Bb7 18. Bxd4 Qxd4 19. Rfe1 Ng6 20. Rad1 Qc5
21. Bb1 d5 22. exd5 Bxd5 23. Bxg6 hxg6 24. Qh3+ Kg8 25. Ne3 Bf7 26. Ng4 Rfd8
27. Rc1 Qb4 28. Re3 Qxb2 29. Rce1 Rac8 30. Nh6+ gxh6 31. Qxh6 Rc1 32. g4 Rxe1+
33. Rxe1 Qb4 34. Re3 Qf4 35. Qxf4 exf4 36. Re7 Rd1+ 37. Kg2 Bd5+ 38. Kh3 Rd3+
39. Kh4 g5+ 40. Kh5 Bf7+ 41. Rxf7 Kxf7 42. h4 Rh3 43. a4 Rxh4# 0-1

[Event "Hessen Senioren-ch 2012  8th"]
[Site "Bad Sooden-Adf. (14.4.-22.4)"]
[Date "2012.04.14"]
[Round "1.89"]
[White "Hegner, Peter"]
[Black "Fister, Horst-Lothar"]
[Result "1-0"]
[WhiteElo "1570"]
[BlackElo "1273"]
[PlyCount "89"]
[EventDate "2012.04.??"]
[EventType "swiss"]
[EventRounds "9"]
[EventCountry "GER"]
[WhiteTeam "Bad Soden SC"]
[BlackTeam "Werther 1949 SK"]

1. e4 d6 2. d4 Nf6 3. Nc3 c6 4. Nf3 Bg4 5. Be2 e6 6. h3 Bxf3 7. Bxf3 d5 8. e5
Nfd7 9. O-O Be7 10. Be2 a6 11. f4 c5 12. Be3 cxd4 13. Bxd4 Bc5 14. Bxc5 Nxc5
15. Kh1 Nc6 16. Bd3 h5 17. Qe1 g6 18. Rd1 Qe7 19. a3 O-O-O 20. b4 Nxd3 21. cxd3
Nd4 22. Rc1 Kb8 23. Na4 Nf5 24. Qf2 h4 25. Kh2 d4 26. Nc5 Qe8 27. Qf3 Rd5 28.
Ne4 Qa4 29. Nf6 Rdd8 30. Ra1 Rc8 31. Rfb1 Rc3 32. b5 axb5 33. Rb4 Qa6 34. Rab1
Qc6 35. Ne4 Rxa3 36. Rxb5 Ra7 37. Qd1 Rc8 38. Qb3 Ng3 39. Rc5 Qd7 40. Rb5 Ne2
41. Nc5 Qd5 42. Na6+ Rxa6 43. Rxd5 b6 44. Rd7 Rc3 45. Qb5 1-0

[Event "Hessen Senioren-ch 2012  8th"]
[Site "Bad Sooden-Adf. (14.4.-22.4)"]
[Date "2012.04.14"]
[Round "1.90"]
[White "Wernitz, Armin"]
[Black "Otto, Klaus(41)"]
[Result "1/2-1/2"]
[WhiteElo "1328"]
[BlackElo "1577"]
[PlyCount "46"]
[EventDate "2012.04.??"]
[EventType "swiss"]
[EventRounds "9"]
[EventCountry "GER"]
[WhiteTeam "Brandenburg Post SpV"]
[BlackTeam "Triebes Thüringer SV"]

1. Nf3 Nf6 2. d4 e6 3. g3 d5 4. Bg2 c5 5. O-O Nc6 6. e3 Be7 7. c3 O-O 8. Nbd2
Bd7 9. b3 cxd4 10. exd4 Rc8 11. Bb2 b5 12. Qe2 b4 13. c4 dxc4 14. Nxc4 Nd5 15.
Rac1 Rc7 16. Rfd1 Bc8 17. Nfe5 Ba6 18. f4 Qc8 19. Qf2 Rd8 20. Kh1 Bb7 21. Qe2
Bf6 22. Qh5 g6 23. Qe2 Ba6 1/2-1/2

[Event "Hessen Senioren-ch 2012  8th"]
[Site "Bad Sooden-Adf. (14.4.-22.4)"]
[Date "2012.04.14"]
[Round "1.91"]
[White "Narr, Irmgard"]
[Black "Wauer, Klaus"]
[Result "1/2-1/2"]
[WhiteElo "1485"]
[BlackElo "1362"]
[PlyCount "113"]
[EventDate "2012.04.??"]
[EventType "swiss"]
[EventRounds "9"]
[EventCountry "GER"]
[WhiteTeam "Mühlhof-Rdf. SC"]
[BlackTeam "Nordhausen 51 SC"]

1. e4 c5 2. Nf3 d6 3. Nc3 a6 4. Bc4 e6 5. a3 Nc6 6. d3 Be7 7. Ne2 Nf6 8. Ng3
O-O 9. O-O Qc7 10. c3 b5 11. Ba2 Bb7 12. Be3 Ng4 13. Qc1 Nge5 14. Nxe5 Nxe5 15.
Qd2 Qc6 16. Rad1 Rad8 17. Qe2 Ng6 18. Qg4 Bc8 19. Bc1 e5 20. Qe2 Be6 21. Bxe6
fxe6 22. Qg4 d5 23. Rfe1 d4 24. cxd4 exd4 25. Bg5 Rd7 26. Rc1 Bxg5 27. Qxg5
Rdf7 28. f3 Nf4 29. Red1 h6 30. Qxc5 Qxc5 31. Rxc5 Ra7 32. Rd2 Rb8 33. Ne2
Nxe2+ 34. Rxe2 Kf7 35. f4 g6 36. Kf2 a5 37. g4 a4 38. Kf3 b4 39. axb4 Rxb4 40.
e5 Rab7 41. Rcc2 Rb3 42. Ke4 g5 43. fxg5 hxg5 44. h3 a3 45. bxa3 Rxa3 46. Rf2+
Ke7 47. Rc4 Ra1 48. Rxd4 Re1+ 49. Kf3 Rxe5 50. Rc4 Rd7 51. d4 Red5 52. Ke4 Rb5
53. Rf3 Rdb7 54. Rfc3 Rd5 55. Rc5 Rxc5 56. dxc5 Rb4+ 57. Kd3 1/2-1/2

[Event "Hessen Senioren-ch 2012  8th"]
[Site "Bad Sooden-Adf. (14.4.-22.4)"]
[Date "2012.04.14"]
[Round "1.92"]
[White "Hartlaub, Marianne"]
[Black "Burkardt, Robert"]
[Result "1/2-1/2"]
[WhiteElo "1328"]
[BlackElo "1521"]
[PlyCount "80"]
[EventDate "2012.04.??"]
[EventType "swiss"]
[EventRounds "9"]
[EventCountry "GER"]
[WhiteTeam "Klingenberg SK"]
[BlackTeam "Fechenheim SV"]

1. Nf3 d5 2. c4 e6 3. g3 c6 4. b3 Nf6 5. Bg2 Be7 6. Bb2 O-O 7. O-O Nbd7 8. d4
b6 9. Nbd2 Bb7 10. Rc1 Rc8 11. Re1 c5 12. e3 cxd4 13. Nxd4 Ba8 14. Rc2 dxc4 15.
Nxc4 Bxg2 16. Kxg2 a6 17. Ree2 Bc5 18. Qa1 Qe7 19. Nf3 Ne8 20. Nce5 Nxe5 21.
Nxe5 Nf6 22. Rc4 Rfd8 23. Ng4 Ne8 24. Rec2 Qb7+ 25. Kg1 Bf8 26. Qc1 Rxc4 27.
Rxc4 f6 28. Rc6 Kf7 29. Qc4 Rd6 30. Rxd6 Nxd6 31. Qd3 Qf3 32. h3 Ne4 33. Qd7+
Be7 34. Ba3 Nc5 35. Qa7 f5 36. Nh2 Qd1+ 37. Kg2 Qd5+ 38. Nf3 Qb7 39. Qxb7 Nxb7
40. Bxe7 Kxe7 1/2-1/2

[Event "Hessen Senioren-ch 2012  8th"]
[Site "Bad Sooden-Adf. (14.4.-22.4)"]
[Date "2012.04.14"]
[Round "1.93"]
[White "Jobski, Werner"]
[Black "Geibel, Henning"]
[Result "0-1"]
[WhiteElo "1483"]
[BlackElo "1237"]
[PlyCount "56"]
[EventDate "2012.04.??"]
[EventType "swiss"]
[EventRounds "9"]
[EventCountry "GER"]
[WhiteTeam "Schwerte 1951 Sfr."]
[BlackTeam "Bargteheide SV"]

1. e4 e5 2. Nf3 d6 3. Bc4 Be7 4. d4 exd4 5. Nxd4 Nf6 6. O-O Nxe4 7. f3 Nf6 8.
Re1 O-O 9. Qd3 d5 10. Bb3 c5 11. Nf5 Bxf5 12. Qxf5 c4 13. Ba4 Bc5+ 14. Be3 Qb6
15. Bxc5 Qxc5+ 16. Kf1 b5 17. Bb3 cxb3 18. axb3 Nc6 19. c3 a5 20. Nd2 Qd6 21.
Kg1 b4 22. c4 Nd4 23. Qd3 Qb6 24. Kh1 dxc4 25. bxc4 a4 26. Ne4 b3 27. Nc3 Nc2
28. Nxa4 Rxa4 0-1

[Event "Hessen Senioren-ch 2012  8th"]
[Site "Bad Sooden-Adf. (14.4.-22.4)"]
[Date "2012.04.14"]
[Round "1.94"]
[White "Freerksen, Uwe"]
[Black "Briesemeister, Klaus"]
[Result "1/2-1/2"]
[WhiteElo "1275"]
[BlackElo "1553"]
[PlyCount "61"]
[EventDate "2012.04.??"]
[EventType "swiss"]
[EventRounds "9"]
[EventCountry "GER"]
[WhiteTeam "Emden SK"]
[BlackTeam "Lingen SV"]

1. e4 c6 2. Nc3 d5 3. d3 d4 4. Nce2 e5 5. Nf3 Bd6 6. Ng3 g6 7. Bg5 f6 8. Bd2 c5
9. c3 Nc6 10. cxd4 cxd4 11. a3 a5 12. Be2 Be6 13. Qc2 Nge7 14. O-O h5 15. Ne1
h4 16. Nh1 g5 17. Qd1 Qd7 18. Bh5+ Kf8 19. Be2 Ng6 20. f3 Ke7 21. Nf2 Nf4 22.
Bxf4 gxf4 23. Ng4 h3 24. Rc1 Rag8 25. Kh1 Nd8 26. Rg1 Nf7 27. g3 Ng5 28. Nc2
Bb3 29. Qd2 b6 30. Qe1 Ne6 31. Na1 1/2-1/2

[Event "Hessen Senioren-ch 2012  8th"]
[Site "Bad Sooden-Adf. (14.4.-22.4)"]
[Date "2012.04.14"]
[Round "1.95"]
[White "Brahn, Helmut"]
[Black "Semisch, Helga"]
[Result "1/2-1/2"]
[WhiteElo "1591"]
[BlackElo "1256"]
[PlyCount "42"]
[EventDate "2012.04.??"]
[EventType "swiss"]
[EventRounds "9"]
[EventCountry "GER"]
[WhiteTeam "Burghaun SG"]
[BlackTeam "Schmalkalden 04 SV"]

1. c4 c5 2. Nf3 d6 3. Nc3 Nf6 4. d3 Nc6 5. e3 Bg4 6. Be2 e5 7. a3 Be7 8. O-O
O-O 9. Bd2 h6 10. Rc1 a6 11. Qc2 Rb8 12. Rfe1 b5 13. h3 Be6 14. cxb5 axb5 15.
Ne4 Nxe4 16. dxe4 f5 17. exf5 Bxf5 18. Qb3+ Kh8 19. Qd5 Qd7 20. Bd3 Be6 21. Qe4
Bf5 1/2-1/2

[Event "Hessen Senioren-ch 2012  8th"]
[Site "Bad Sooden-Adf. (14.4.-22.4)"]
[Date "2012.04.14"]
[Round "1.96"]
[White "Graffenberger, Marianne"]
[Black "Strozewski, Guenter"]
[Result "0-1"]
[WhiteElo "1129"]
[BlackElo "1526"]
[PlyCount "84"]
[EventDate "2012.04.??"]
[EventType "swiss"]
[EventRounds "9"]
[EventCountry "GER"]
[WhiteTeam "Hamburger SK"]
[BlackTeam "Erkenschwick SV"]

1. e4 e5 2. Nf3 d5 3. exd5 e4 4. Qe2 Nf6 5. Nc3 Qe7 6. Nd4 b6 7. d3 Ba6 8. Nxe4
Nxe4 9. Qxe4 Qxe4+ 10. dxe4 Bxf1 11. Rxf1 Bc5 12. Be3 O-O 13. Rd1 Nd7 14. c3
Nf6 15. f3 Rfe8 16. Kd2 a5 17. Nf5 Nd7 18. Bxc5 Nxc5 19. Kc2 g6 20. Ne3 b5 21.
a3 f5 22. b4 axb4 23. axb4 Nd7 24. Kb2 fxe4 25. fxe4 Rxe4 26. Rfe1 Rae8 27. Rd4
Rxe3 28. Rxe3 Rxe3 29. Rd2 Ne5 30. Kc2 Nc4 31. Rf2 Nb6 32. Rd2 Na4 33. d6 Rxc3+
34. Kd1 cxd6 35. Rxd6 Rb3 36. Rd8+ Kg7 37. Rd7+ Kh6 38. g3 Rxb4 39. Rd2 Rb2 40.
Kc1 Rxd2 41. Kxd2 Nc5 42. Kc3 Ne4+ 0-1

[Event "Hessen Senioren-ch 2012  8th"]
[Site "Bad Sooden-Adf. (14.4.-22.4)"]
[Date "2012.04.14"]
[Round "1.97"]
[White "Preiss, Gerhard"]
[Black "Rollwitz, Inge"]
[Result "1-0"]
[WhiteElo "1586"]
[BlackElo "1255"]
[PlyCount "75"]
[EventDate "2012.04.??"]
[EventType "swiss"]
[EventRounds "9"]
[EventCountry "GER"]
[WhiteTeam "Steinhagen SK"]
[BlackTeam "Berlin Wedding SG"]

1. c4 d6 2. Nc3 Nf6 3. g3 g6 4. Bg2 Bg7 5. d4 c6 6. e4 O-O 7. Nge2 Qc7 8. O-O
e5 9. h3 a6 10. Be3 Nbd7 11. Qd2 exd4 12. Nxd4 c5 13. Nde2 Rd8 14. Rad1 Ne5 15.
b3 b6 16. Bf4 Bb7 17. Bh6 Ne8 18. Bxg7 Kxg7 19. Nf4 Qe7 20. Nfd5 Qe6 21. Nxb6
Rab8 22. Nbd5 Rbc8 23. Qe3 Nc6 24. Nf4 Qe5 25. Ncd5 Nd4 26. Rd2 Bc6 27. Rfd1
Ne6 28. Ne2 N6c7 29. f4 Qe6 30. Nec3 f5 31. e5 dxe5 32. Nxc7 Rxd2 33. Nxe6+ Kf6
34. Qxe5+ Kf7 35. Rxd2 Bxg2 36. Kxg2 Nf6 37. Ng5+ Kg7 38. Nd5 1-0